Historia de la literatura italiana /

Guardado en:
Autor Principal: De Sanctis, Francesco.
Formato: Libro
Idioma:Spanish
Publicado: Buenos Aires : Losada, 1952.
Materias:
Etiquetas: Agregar Etiqueta
Sin Etiquetas, Sea el primero en etiquetar este registro!
LEADER 00682nam a22001935a 4500
001 EUN.um045006
003 AR-BaUNS
005 20050623122914.0
008 041125s1952####ag#a##########000#0#spa#d
245 1 0 |a Historia de la literatura italiana /  |c Francesco De Sanctis. 
260 |a Buenos Aires :  |b Losada,  |c 1952. 
300 |a 3 v. :  |b ilus. ;  |c 23 cm. 
100 1 |a De Sanctis, Francesco. 
082 0 4 |a 850.9 
653 |a Literatura italiana 
653 |a Historia 
859 |a Ar-BaUNS  |b BIB. CENTRAL - Sector C  |h 850.9  |i D451  |p 254/954  |v v.1 
859 |a Ar-BaUNS  |b BIB. CENTRAL - Sector C  |h 850.9  |i D451  |p 425/967  |t Ej.2  |v v.1 
859 |a Ar-BaUNS  |b BIB. CENTRAL - Sector C  |h 850.9  |i D451  |p 422/967  |t Ej.3  |v v.1